• 首页
  • 本馆介绍
  • 公告通知
  • 最新文献
  • 馆藏检索
  • 电子资源
  • 读者导购
  • 参考咨询
  • 我的图书馆
  • 登录
  • 详细信息显示
  • 放入我的书架
  • 预约/预借图书
  • 作者相关作品
  • 分类相关作品
  • 丛书相关作品
  • 出版社相关作品

书目信息

  • 表格格式
  • 工作单格式
  • 卡片格式
题名:
先秦元典学习思想研究
    
 
作者: 熊明川 , 程碧英 著
分册:  
出版信息: 成都   巴蜀书社  2021
页数: 10,417页
开本: 21cm
丛书名:
单 册:
中图分类: B220.5
科图分类:
主题词: 先秦哲学--研究
电子资源:
ISBN: 978-7-5531-1476-7
000 01053nam0 2200253 450
001 011481648
005 20211110162912.0
010    @a978-7-5531-1476-7@dCNY69.00
100    @a20211110d2021 em y0chiy0120 ea
101 0  @achi
102    @aCN@b510000
105    @ay z 000yy
106    @ar
200 1  @a先秦元典学习思想研究@9xian qin yuan dian xue xi si xiang yan jiu@f熊明川,程碧英著
210    @a成都@c巴蜀书社@d2021
215    @a10,417页@d21cm
330    @a本著以先秦元典中的学习思想为研究对象,重点选取《论语》《孟子》《荀子》《大学》《中庸》《学记》《墨子》《老子》《庄子》等著作,从学习目标(为何学)、学习内容(学什么)、学习方法(怎样学)等方面进行梳理,然后从“学习思想的主要特点与价值”方面加以总结,探究学习思想形成的背景与原因,探讨其对当代学习生活的价值与影响,以期收到“古为今用”之效。
606 0  @a先秦哲学@x研究
690    @aB220.5@v5
701  0 @a熊明川@9xiong ming chuan@4著
701  0 @a程碧英@9cheng bi ying@4著
801  0 @aCN@b91MARC@c20211110
801  0 @aCN@bBJXHZP@c20230228
905    @b1402039-42@dB220.5@e1061@f4
    
    先秦元典学习思想研究/熊明川,程碧英著.-成都:巴蜀书社,2021
    10,417页;21cm
    
    
    ISBN 978-7-5531-1476-7:CNY69.00
    本著以先秦元典中的学习思想为研究对象,重点选取《论语》《孟子》《荀子》《大学》《中庸》《学记》《墨子》《老子》《庄子》等著作,从学习目标(为何学)、学习内容(学什么)、学习方法(怎样学)等方面进行梳理,然后从“学习思想的主要特点与价值”方面加以总结,探究学习思想形成的背景与原因,探讨其对当代学习生活的价值与影响,以期收到“古为今用”之效。
●
相关链接 在E读中查询图书 在五车中查询图书 在当当中查询图书 在豆瓣中查询图书


正题名:先秦元典学习思想研究     索取号:B220.5/1061         预约/预借

序号 登录号 条形码 馆藏地/架位号 状态 备注
1 1402039   214020398   第一样本阅览室/ [索取号:B220.5/1061] 在馆    
2 1402040   214020405   第一借阅区/ [索取号:B220.5/1061] 在馆    
3 1402041   214020414   第一借阅区/ [索取号:B220.5/1061] 在馆    
4 1402042   214020423   第一借阅区/ [索取号:B220.5/1061] 在馆    
唐山师范学院图书馆 欢迎您!
大连网信软件有限公司© 版权所有